| 000 | 00499cam a2200193 a 4500 | ||
|---|---|---|---|
| 020 | _a0804820627 | ||
| 020 | _a0804820988 (pbk.) | ||
| 040 | _cOU | ||
| 041 | 1 | _hjpn | |
| 082 | 0 | 0 | _a895 CHA 1996 A096 Or. |
| 100 | 1 | _aUmehara, Takeshi, | |
| 245 | 1 | 0 | _aLotus and other tales of medieval Japan / |
| 250 | _a1st ed. | ||
| 260 |
_aRutland, Vt. : _bCharles E. Tuttle, _c1996. |
||
| 300 |
_a199 p. : _bill. ; _c19 cm. |
||
| 650 | 0 | _aShort stories, Japanese | |
| 700 | 1 | _aMcCarthy, Paul, | |
| 942 | _cEK | ||
| 999 |
_c14746 _d14746 |
||